| 000 | 01048cam a22001815a 4500 | ||
|---|---|---|---|
| 001 | L155399 | ||
| 008 | 120321s1789 xxk f 000 0 eng d | ||
| 035 | _a(Sirsi) u155399 | ||
| 041 | 0 | _aeng | |
| 100 | 1 |
_aAdam, James _dfl. 1789-1810 |
|
| 245 | 0 | 0 |
_aPractical essays on agriculture _bContaining An Account of Soils, and the Manner of correction them. An Account of the Culture of all Field Plants, including the Artificial Grasses, according to the Old and New Modes of Husbandry, with every Improvement down to the present Period. Also, An Account of the Culture and Management of Grass-Lands; together with Observations on Enclosures, Fences, Farms, and Farm-Houses, &c. Carefully collected and digested from the most eminent authors, with experimental remarks, by James Adam, Esq. ... |
| 260 |
_aLondon _bprinted for T. Cadell, in the Strand _cM.DCC.LXXXIX. [1789] |
||
| 300 |
_a2v., plates _btables _c8o |
||
| 583 |
_aCondition reviewed _c20120620 _lcondition level 2 |
||
| 651 | 4 |
_aGreat Britain _y1707- |
|
| 690 |
_aRural _96268 |
||
| 942 | _n0 | ||
| 999 |
_c113542 _d113542 |
||